000 00496 a2200193 4500
005 20250508102939.0
008 250508b |||||||| |||| 00| 0 eng d
020 _a9789387465923
_cRs. 795.00
040 _aMAIN
082 _a155.2
_bH939P(2)
100 _aHurlock, Elizabeth B
245 _aPersonality development
250 _a2nd
260 _bMedTech Science Press
_c2024
_aNew Delhi
300 _avi, 503
650 _aPsychology
650 _aPersonality Development
942 _cBK
999 _c359111
_d359111